000 00294nam a22001337a 4500
008 171127b xxu||||| |||| 00| 0 eng d
020 _a9780070632776
041 _aeng
080 _23RD
_a51
100 _a37
101 _aMAT
245 _aINTERMEDIATE ALGEBRA
_cSTREETER,J
942 _2udc
_cBK
999 _c38546
_d38546